Southville International School and Colleges
Your cart is empty.
  • Cart
  • Lists
    Public lists Eva Luna New books Lux_list list_1
    Your lists Log in to create your own lists
  • Log in to your account
  • Your cookies
  • Search history
Southville International School and Colleges
  • Advanced search
  • Recent comments
  • Most popular
  • Libraries

Log in to your account

Log in with GOOGLE


If you do not have an external account, but do have a local account, you can still log in:

  1. Home
  2. MARC view: Radiographic imaging :
Normal view MARC view ISBD view

Radiographic imaging : (Record no. 13485)

[ view plain ]
MARC details
000 -LEADER
fixed length control field 00759nam a22002537a 4500
003 - CONTROL NUMBER IDENTIFIER
control field OSt
005 - DATE AND TIME OF LATEST TRANSACTION
control field 20140310182438.0
008 - FIXED-LENGTH DATA ELEMENTS--GENERAL INFORMATION
fixed length control field 130311t xxu||||| |||| 00| 0 eng d
020 ## - INTERNATIONAL STANDARD BOOK NUMBER
International Standard Book Number 0721632467
050 ## - LIBRARY OF CONGRESS CALL NUMBER
Classification number RC 78
Item number .B853 1992
100 ## - MAIN ENTRY--PERSONAL NAME
Personal name Burns, Evelyn Frank.
9 (RLIN) 7372
245 ## - TITLE STATEMENT
Title Radiographic imaging :
Remainder of title a guide for producing quality radiographs /
Statement of responsibility, etc Evelyn Frank Burns.
260 ## - PUBLICATION, DISTRIBUTION, ETC. (IMPRINT)
Place of publication, distribution, etc Metro, Manila:
Name of publisher, distributor, etc Giuani Prints House,
Date of publication, distribution, etc c1992.
300 ## - PHYSICAL DESCRIPTION
Extent 215 p. :
Dimensions 28 cm.
Other physical details ill. ;
650 ## - SUBJECT ADDED ENTRY--TOPICAL TERM
Topical term or geographic name as entry element Quality control.
9 (RLIN) 7589
650 ## - SUBJECT ADDED ENTRY--TOPICAL TERM
Topical term or geographic name as entry element Radiography.
General subdivision standards
9 (RLIN) 8422
650 ## - SUBJECT ADDED ENTRY--TOPICAL TERM
Topical term or geographic name as entry element technology, radiologic.
General subdivision standards.
9 (RLIN) 8423
942 ## - ADDED ENTRY ELEMENTS (KOHA)
Source of classification or shelving scheme Library of Congress Classification
Koha item type
Holdings
Withdrawn status Lost status Source of classification or shelving scheme Damaged status Home library Current library Shelving location Date acquired Total Checkouts Total Renewals Full call number Barcode Date last seen Date checked out Copy number Price effective from Koha item type Source of acquisition
    Library of Congress Classification   South SEED-LPDH College Library College Library South SEED-LPDH College Section 03/11/2013 1 1 RC 78 .B853 1992 SSLC1075 05/15/2018 05/10/2017 1 11/06/2013 Books  
    Library of Congress Classification   South SEED-LPDH College Library South SEED-LPDH College Library South SEED-LPDH College Section 03/11/2013     RC 78 .B853 1992 SSLC1076 05/15/2018   2 11/06/2013 Books Donation
    Library of Congress Classification   South SEED-LPDH College Library South SEED-LPDH College Library South SEED-LPDH College Section 03/11/2013     RC 78 .B853 1992 SSLC1077 05/15/2018   3 11/06/2013 Books  
    Library of Congress Classification   South SEED-LPDH College Library South SEED-LPDH College Library South SEED-LPDH College Section 03/11/2013 2 8 RC 78 .B853 1992 SSLC1078 05/15/2018 01/15/2018 4 11/06/2013 Books  
    Library of Congress Classification   South SEED-LPDH College Library South SEED-LPDH College Library South SEED-LPDH College Section 08/05/2013     RC 78 .B853 1992 SSLC1079 05/15/2018   5 08/05/2013 Books  

Radiographic imaging :

APA

Burns E. F., . (1992). Radiographic imaging. Metro, Manila: Giuani Prints House.

Chicago

Burns Evelyn Frank, . 1992. Radiographic imaging. Metro, Manila: Giuani Prints House.

Harvard

Burns E. F., . (1992). Radiographic imaging. Metro, Manila: Giuani Prints House.

MLA

Burns Evelyn Frank, . Radiographic imaging. Metro, Manila: Giuani Prints House. 1992.

  • Place hold
  • Print
  • Cite
  • Add to your cart (remove)
  • Save record
    BIBTEX Dublin Core MARCXML MARC (non-Unicode/MARC-8) MARC (Unicode/UTF-8) MARC (Unicode/UTF-8, Standard) MODS (XML) RIS
  • More searches
    Search for this title in:
    Other Libraries (WorldCat) Other Databases (Google Scholar) Online Stores (Bookfinder.com) Open Library (openlibrary.org)

Exporting to Dublin Core...

SOUTHVILLE LIBRARY

Southville International School and Colleges Library

1281 Tropical Ave. Cor. Luxembourg St., BF Homes International, Las Pinas City

Tel. No. 8256374 / 252358 Loc. 117/146

Powered by Koha